LEADER 01229nas a2200241 i 4500 001 000000068825 003 CaOOAMICUS 005 20100817000000.0 008 100817b1929 it uu u0 0ita r 013 $a39997 040 $aSeMil$bita 245 12$aA Don Bosco nell'anno della sua beatificazione /$cil Collegio di Lanzo. 260 $a[Lanzo Torinese (TO)] :$b[s.n.],$c1929$e(Cirič :$fStab. tip. G. Capelli,$g1929) 300 $a112 p., [1] c. di ritratto :$bill. ;$c36 cm. 500 $aIn testa al front. : Supplemento dedicato alla beatificazione di D. Bosco, 2-9 Giugno 1929. 650 4$aBosco, Giovanni - Canonizzazione.$0(OLS)http://semarc/subject/13602 700 1 $aIstituto Salesiano "San Filippo Neri" .$0(OLS)http://semarc/name/10548 773 0 $tEchi di vita collegiale.$d[Lanzo Torinese (TO)] : [s.n.], 1923-1930-[193-?]$w()23669 774 0 $t[vedi periodico].$w()273648 850 $aSeMil 852 $aSeMil$W1$xVenegono$y1$m209 6 10$j34978$B34978$CSeMilBibl$Z2$F34981 $85 996 $6245$aA Don Bosco nell'anno della sua beatificazione$9(OLS)http://semarc/title/110040 996 $6260$a[Lanzo Torinese (TO)] :$b[s.n.]$9(OLS)http://semarc/publisher/35983 LEADER 00956nam a2200229 i 4500 001 000000104155 003 CaOOAMICUS 005 20020219000000.0 008 020219s1969 it u000 u ita u 013 $a76342 040 $aSeMil$bita 100 1 $aBennett, Lerone.$0(OLS)http://semarc/name/44136 245 10$aM. L. King :$bl'uomo d'Atlanta /$cprefazione di Benjamin Mays E. Lerone Bennett. 260 $aTorino :$bClaudiana,$c1969. 300 $a217 p., [8] c. di tav. ;$c20 cm. 500 $aContiene : Nota bibliografica. 600 14$aKing, Martin Luther .$0(OLS)http://semarc/subject/22852 700 1 $aMays, Benjamin E.$0(OLS)http://semarc/name/44137 850 $aSeMil 852 $aSeMil$W1$xVenegono$y1$m50 16 4 *$j60565$B60565$CSeMilBibl$Z2$F70978 $81 996 $6245$aM. L. King :$bl'uomo d'Atlanta$9(OLS)http://semarc/title/151065 996 $6260$aTorino :$bClaudiana$9(OLS)http://semarc/publisher/29837